Statistics for Countries with the Most IMAX Screens

Click here to take the quiz!

General Stats

  • This quiz has been taken 50 times
  • The average score is 13 of 16

Answer Stats

#Country% Correct
377United States
98%
14France
96%
307China
94%
44United Kingdom
94%
40Canada
94%
29Japan
92%
22Mexico
90%
12Brazil
90%
17South Korea
88%
18India
86%
49Russia
84%
8Indonesia
63%
8Netherlands
63%
9Philippines
55%
11Taiwan
49%
8Austria
35%

Score Distribution

Percentile by Number Answered

Percent of People with Each Score

Your Score History

You have not taken this quiz